| 000 | 00666cam a2200229 a 4500 | ||
|---|---|---|---|
| 001 | 3562419 | ||
| 005 | 20180306082040.0 | ||
| 008 | 981001s1999 waua j 000 1 eng | ||
| 010 | _a 98042666 | ||
| 020 | _a0935699155 | ||
| 040 |
_aDLC _cDLC _dDLC |
||
| 041 | _aeng | ||
| 042 | _alcac | ||
| 080 | _a574 her | ||
| 082 | 0 | 0 |
_a574 her _221 |
| 100 | 1 | _a9 | |
| 101 | _amje | ||
| 245 | 1 | 4 |
_aThe bonsai bear / _cby Bernard Libster ; illustrations by Aries Cheung. |
| 906 |
_a7 _bcbc _corignew _d1 _eocip _f19 _gy-gencatlg |
||
| 942 |
_2ddc _cBK |
||
| 999 |
_c44201 _d44201 |
||